Normal view
MARC view
Entry Personal Name
001 - CONTROL NUMBER
- control field: 35013
003 - CONTROL NUMBER IDENTIFIER
- control field: dpl
005 - DATE AND TIME OF LATEST TRANSACTION
- control field: 20110929103643.0
008 - FIXED-LENGTH DATA ELEMENTS
- fixed length control field: 110929|||a|||||| | ||| d
040 ## - CATALOGING SOURCE
- Original cataloging agency: dpl
- Transcribing agency: dpl
100 ## - HEADING--PERSONAL NAME
- Personal name: टैगोर, रविन्द्रनाथ
670 ## - SOURCE DATA FOUND
- Source citation: Work cat.: (dpl)55979: टैगोर, रविन्द्रनाथ, नकली गढ़ /, 2007
670 ## - SOURCE DATA FOUND
- Source citation: Work cat.: (dpl)55979: टैगोर, रविन्द्रनाथ, नकली गढ़ /, 2007
